000 00204nam a2200121Ia 4500
100 _a#N/A
942 _cBK
654 _apardus
245 _aPARDUS
260 _b#N/A
546 _aENGLISH
999 _c20015
_d20015